| 000 | 01473cam a2200325 a 4500 | ||
|---|---|---|---|
| 005 | 20180803170158.0 | ||
| 008 | 100825s2009 quca b i000 0 eng c | ||
| 020 | _a9789292251338 | ||
| 020 | _a9292251333 | ||
| 040 |
_aWAU _cWAU _dWAU _dOCLCA _dDLC |
||
| 041 | _aeng | ||
| 042 |
_apcc _alcode |
||
| 082 |
_a577.2 _bD62c |
||
| 110 | _aSecretariat of the convention on biological diversity | ||
| 245 | 0 | 0 |
_aConnecting biodiversity and climate change mitigation and adaptation : _breport of the second Ad Hoc Technical Expert Group on Biodiversity and Climate Change. |
| 260 |
_aMontreal, Quebec, Canada : _bSecretariat of the Convention on Biological Diversity, _c2009. |
||
| 300 |
_a126 p. : _bill. ; _c28 cm. |
||
| 490 | 0 |
_aCBD technical series ; _vno. 41 |
|
| 504 | _aIncludes bibliographical references (p. 108-126). | ||
| 650 | 0 |
_aBiodiversity _xClimatic factors. |
|
| 650 | 0 | _aClimate change mitigation. | |
| 650 | 0 | _aGreenhouse gas mitigation. | |
| 710 | 2 |
_aConference of the Parties to the Convention on Biological Diversity. _bAd Hoc Technical Expert Group on Biodiversity and Climate Change. |
|
| 710 | 2 | _aSecretariat of the Convention on Biological Diversity. | |
| 830 | 0 |
_vno. 41. _992749 |
|
| 856 | 4 | 1 | _uhttp://www.cbd.int/doc/publications/cbd-ts-41-en.pdf |
| 906 |
_a7 _bcbc _cpccadap _d3 _encip _f20 _gy-gencatlg |
||
| 942 |
_2ddc _cLIBRO |
||
| 999 |
_c17798 _d17798 |
||